| 000 | 00784nam a2200229Ia 4500 | ||
|---|---|---|---|
| 003 | GCL | ||
| 008 | 140319s9999 xx 000 0 ara d | ||
| 040 |
_aGCL / _cGCL |
||
| 082 | 0 | 4 |
_aط _b372.6541 _bا ق |
| 100 | 1 | _aصديقة يوسف محمود | |
| 245 | 1 | 0 |
_aقاموس الملصقات المصور للاطفال فرنسى عربى / _cصديقة يوسف محمود |
| 700 | 1 | _aاحمد زكى بدوى | |
| 700 | 1 | _aضحى محمد عبدالعزيز شيحة (مراجع) | |
| 260 |
_aالقاهرة : _bدار الكتاب المصرى ، _c1994 |
||
| 300 |
_a48 ص ؛ _c22 سم |
||
| 490 | _a | ||
| 650 | 0 | 4 | _aالاطفال |
| 650 | 0 | 4 | _aاللغة الفرنسية |
| 650 | 0 | 4 | _aالمعاجم |
| 650 | 0 | 4 | _aالكتابة الفرنسية |
| 942 |
_2ddc _cBK |
||
| 999 |
_c56325 _d56325 |
||